| 000 | 00487nam a2200121Ia 4500 | ||
|---|---|---|---|
| 008 | 220620s9999||||xx |||||||||||||| ||und|| | ||
| 100 | _aSaddiki, Said | ||
| 245 | 0 | _aWorld of Walls: The Structure, Roles and Effectiveness of Separation Barriers | |
| 546 | _aEnglish[eng] | ||
| 650 | _ainternational relations||border security||immigration||walls||Mexico||Israel||U.S||Borders||Marocco||virtual barriers||India | ||
| 856 | _uhttps://www.openbookpublishers.com/reader/635 | ||
| 942 | _cEB | ||
| 999 |
_c32636 _d32636 |
||